Szczepionki obowiązkowe i zalecane w Polsce - Statystyki

Ogólne statystyki
  • Ten quiz został rozwiązany 30 razy
  • Średni wynik to 7 z 18
Statystyki odpowiedzi
Odpowiedź % Poprawnych
Różyczka
77%
Świnka
73%
Odra
69%
Tężec
65%
Grypa
62%
Gruźlica
58%
Ospa wietrzna
50%
Poliomyelitis
42%
Pneumokoki
38%
Krztusiec
31%
WZW B
31%
Rotawirusy
23%
WZW A
23%
Meningokok
19%
Błonica
15%
Ludzki wirus brodawczaka
15%
Kleszczowe zapalenie mózgu
12%
Haemophilus influenzae b
8%
Nie znaleziono quizów pasujących do podanych kryteriów
Rozkład punktacji
Procent ludzi z każdym wynikiem
Percentyl według liczby udzielonych odpowiedzi
Twoja historia wyników
Nie rozwiązałeś tego quizu